Bibliografický súpis publikácií o Žiline z fondu odbornej knižnice Považského múzea v Žiline

Bibliographic Details
Other Authors: Sakalová, Janka (knihovníčka) (Compiler), Hallonová, Katarína (Translator)
Format: Book
Language:Slovak
Hungarian
PhysicalDescription:17 s. 21 cm
Published: Žilina Považské múzeum 2016
ISBN:9788088877745 (brož.)
Edition:1. vyd.
Subjects:

MARC

LEADER 00000nam a2200000 a 4500
001 vtls011551755
003 SK-MaSNL
005 20260331210551.0
008 160511s2016 xo grb 000 0 slo
015 |a SNBSAB2016 
020 |a 9788088877745 (brož.) 
040 |a SNK  |b slo  |c SNK  |e AACR2 
041 0 |a slo  |a hun 
043 |a e-xo--- 
044 |a xo  |c SK 
072 7 |a 01  |x Bibliografia. Katalógy  |2 konspekt 
072 7 |a 82  |x Literatúra. Literárny život  |2 konspekt 
080 |a 82-027.541  |2 2011 
080 |a (083.8)  |2 2011 
080 |a 015  |2 2011 
080 |a 019.922  |2 2011 
080 |a (437.6)  |2 2011 
100 1 |a Sakalová, Janka  |c (knihovníčka)  |4 com  |9 221782 
245 1 0 |a Bibliografický súpis publikácií o Žiline z fondu odbornej knižnice Považského múzea v Žiline  |c zostavila: Janka Sakalová ; ... preklad maďarských textov: Katarína Hallonová ; zodpovedná redaktorka: Zuzana Kmeťová ; grafická úprava: Eva Brezániová ; korektor: Michaela Koláriková 
250 |a 1. vyd. 
260 |a Žilina  |b Považské múzeum  |c 2016 
300 |a 17 s.  |c 21 cm 
366 |e 30 výt. 
504 |a Obsahuje 126 zázn. usporiadaných v abecednom poradí 
546 |a Čiast. text maď. 
610 2 7 |a Považské múzeum.  |b Knižnica  |2 SNKKA  |9 234852 
650 0 7 |a regionálna literatúra  |2 SNKPH  |9 66958 
650 0 7 |a Regional literature  |2 SNKPHeng  |9 266985 
651 7 |a Žilina (Slovensko)  |2 SNKPH  |9 28812 
651 7 |a Žilina (Slovakia)  |2 SNKPH  |9 265991 
655 7 |a Inventories  |2 SNKPHeng  |9 266628 
655 7 |a Selected bibliographies  |2 SNKPHeng  |9 275217 
655 7 |a výberové bibliografie  |2 SNKPH  |9 70561 
655 7 |a súpisy  |2 SNKPH  |9 70480 
655 7 |a regionálne bibliografie  |2 SNKPH  |9 70484 
655 7 |a Regional bibliographies  |2 SNKPHeng  |9 265209 
700 1 |a Hallonová, Katarína  |4 trl  |9 221765 
700 1 |a Kmeťová, Zuzana  |4 lso  |9 267557 
700 1 |a Brezániová, Eva  |4 bkd  |9 298900 
700 1 |a Koláriková, Michaela  |4 pfr  |9 341905 
710 2 |a Považské múzeum  |4 pbl  |9 33264 
919 |a 978-80-88877-74-5 
958 |a LX 
958 |a SF 
958 |a RG 
999 |c 587151  |d 589081 
952 |a SNK  |b SNK  |y PREZ  |7 0  |p 17A1195409  |o snkOSC 27535  |i snk2016/12213  |8 0  |0 0  |1 0  |4 0  |d 2016-05-11  |l 0  |r 2026-02-23 15:13:06  |w 2026-02-23 
952 |a SNK  |b SNK  |y PREZ  |7 0  |p 17A1195410  |o snkOSC 27535 D1  |i snk2016/12216  |8 0  |0 0  |1 0  |4 0  |d 2016-05-11  |l 0  |r 2026-02-23 15:13:06  |w 2026-02-23